LEADER 00842cam0-2200313---450- 001 990004641710403321 005 20091201120702.0 035 $a000464171 035 $aFED01000464171 035 $a(Aleph)000464171FED01 035 $a000464171 100 $a19990604d1931----km-y0itay50------ba 101 0 $aita 102 $aIT 105 $ay-------001yy 200 1 $aRomanticismo$ediscussioni attuali$fMario Vinciguerra 210 $aBari$cLaterza$d1931 215 $a116 p.$d21 cm 225 1 $aBiblioteca di cultura moderna$v212 610 0 $aRomanticismo$aEuropa$aStudi 676 $a809.9145 700 1$aVinciguerra,$bMario$0169128 801 0$aIT$bUNINA$gRICA$2UNIMARC 901 $aBK 912 $a990004641710403321 952 $a809.9145 VIN 1$fFLFBC 959 $aFLFBC 996 $aRomanticismo$9149426 997 $aUNINA LEADER 00803nam0-22002891i-450- 001 990001691170403321 005 20051021145800.0 035 $a000169117 035 $aFED01000169117 035 $a(Aleph)000169117FED01 035 $a000169117 100 $a20030910d1878----km-y0itay50------ba 101 0 $aspa 200 1 $aEnsayo sobre el cultivo de la cana de azucar$fAlvaro Reynoso 205 $a3. ed. 210 $aParis$cE. Leroux$d1878 215 $aXIX, 536 p.$d25 cm 610 0 $aCanna da zucchero 676 $a633.61 700 1$aReynoso,$bAlvaro$072982 801 0$aIT$bUNINA$gRICA$2UNIMARC 901 $aBK 912 $a990001691170403321 952 $a60 633.61 B 1$b10122$fFAGBC 959 $aFAGBC 996 $aEnsayo sobre el cultivo de la cana de azucar$9361366 997 $aUNINA LEADER 01376nas--2200433---450- 001 990002989930203316 005 20090210141545.0 011 $a1970-9080 035 $a000298993 035 $aUSA01000298993 035 $a(ALEPH)000298993USA01 035 $a000298993 100 $a20071016a19909999km-y0itaa50------ba 101 0 $aita 102 $aIT 110 $aahazz--|||| 200 1$aReS$ericerca e sviluppo per le politiche sociali 207 1$aN. 1 (ott.-dic. 1990)- 210 $aSalerno$cCeim$d1990 215 $av.$d24 cm 300 $aNel 2002 pubblica solo un numero speciale 300 $aNon pubblicato dal 1998 al 2001 e dal 2004 al 2006 326 $aTrimestrale, dal 2002 semestrale 606 0 $aSociologia politica$xPeriodici 676 $a301.05 801 0$aIT$bsalbc$gISBD 912 $a990002989930203316 958 $aUMA$bFondo$c1990-1991;1994- 959 $aSE 979 $aVITTORIANA$b90$c20071016$lUSA01$h0938 979 $aVITTORIANA$b90$c20071017$lUSA01$h1246 979 $aVITTORIANA$b90$c20071017$lUSA01$h1250 979 $aVITTORIANA$b90$c20071019$lUSA01$h1039 979 $aVITTORIANA$b90$c20071019$lUSA01$h1043 979 $aVITTORIANA$b90$c20071019$lUSA01$h1053 979 $aVITTORIANA$b90$c20071022$lUSA01$h1017 979 $aVITTORIANA$b90$c20090210$lUSA01$h1415 996 $aReS$91029240 997 $aUNISA